Wittgenstein

Αποθηκεύτηκε σε:
Λεπτομέρειες βιβλιογραφικής εγγραφής
Κύριοι συγγραφείς: Prades Celma, José Luis (Συγγραφέας), Sanfélix Vidarte, Vicente (Συγγραφέας)
Μορφή: Βιβλίο
Γλώσσα:Ισπανικά
Έκδοση: Madrid Cincel 1990
Σειρά:Serie Historia de la Filosofía, 46
Θέματα:
Ετικέτες: Προσθήκη ετικέτας
Δεν υπάρχουν, Καταχωρήστε ετικέτα πρώτοι!

MARC

LEADER 00000nam a2200000 a 4500
001 UCN6018
003 CL-VaPUC
008 010913e19900000SP |||||||||||||||||spa|d
082 0 4 |a 149.94  |b PRA  |2 21 
100 0 |a Prades Celma, José Luis  |e author  |9 461790 
700 0 |a Sanfélix Vidarte, Vicente  |e author  |9 461791 
245 1 0 |a Wittgenstein 
300 |a 238 p 
942 |c BK 
945 |d 20010913 00:00:00  |a cmena 
260 |a Madrid  |b Cincel  |c 1990 
600 0 7 |a WITTGENSTEIN, LUDWIG  |2 CL-VaPUC  |9 257080 
650 0 |a Filosofía austriaca   |9 267034 
650 0 |a Filosofía del lenguaje  |9 257082 
583 |a last modification  |c 20010913 00:00:00  |k Rodrigo Vera 
490 0 |a Serie Historia de la Filosofía, 46 
999 |c 297110  |d 297108 
952 |0 0  |1 0  |4 0  |6 149_940000000000000_PRA_1990  |7 0  |8 A  |9 351560  |a FDOPOS  |b FDOPOS  |d 2019-11-21  |i 373837K  |o 149.94 PRA 1990  |p 373837K  |r 2025-01-22  |w 2019-11-21  |y BK  |k MLA 
952 |0 0  |1 0  |4 0  |6 149_940000000000000_PRA_1990  |7 0  |8 A  |9 351561  |a FDOPOS  |b FDOPOS  |d 2019-11-21  |i 4312724  |o 149.94 PRA 1990  |p 4312724  |r 2025-01-22  |w 2019-11-21  |y BK  |k MLA